|
|
|
|
| LEADER |
00000cam a22000004a 4500 |
| 001 |
musev2_46701 |
| 003 |
MdBmJHUP |
| 005 |
20230905044859.0 |
| 006 |
m o d |
| 007 |
cr||||||||nn|n |
| 008 |
120709s2012 kyu o 00 0 eng d |
| 010 |
|
|
|z 2012027736
|
| 020 |
|
|
|a 9780879077471
|
| 020 |
|
|
|z 0879072466
|
| 020 |
|
|
|z 0879077476
|
| 020 |
|
|
|z 9780879072469
|
| 035 |
|
|
|a (OCoLC)966879952
|
| 040 |
|
|
|a MdBmJHUP
|c MdBmJHUP
|
| 100 |
1 |
|
|a France, James.
|
| 245 |
1 |
0 |
|a Separate but Equal :
|b Cistercian Lay Brothers 1120-1350 /
|c by James France.
|
| 264 |
|
1 |
|a Collegeville, Minn. :
|b Liturgical Press,
|c 2012.
|
| 264 |
|
3 |
|a Baltimore, Md. :
|b Project MUSE,
|c 2017
|
| 264 |
|
4 |
|c ©2012.
|
| 300 |
|
|
|a 1 online resource (471 pages):
|b illustrations ;
|
| 336 |
|
|
|a text
|b txt
|2 rdacontent
|
| 337 |
|
|
|a computer
|b c
|2 rdamedia
|
| 338 |
|
|
|a online resource
|b cr
|2 rdacarrier
|
| 490 |
0 |
|
|a Cistercian studies series ;
|v no. 246
|
| 505 |
0 |
|
|a Who were the lay brothers? -- Manual labor of monks before the lay brothers -- Illiterati -- Barbati -- Two monasteries within the precincts of the monastery -- "Assigned to plows and mattocks" -- Separate but equal -- Vitae of lay brothers and lay brothers in vitae -- Virtues and vices -- The onslaught of demons -- Visions of the other world -- Not conversi but perversi -- Decline and near extinction.
|
| 588 |
|
|
|a Description based on print version record.
|
| 610 |
2 |
7 |
|a Cistercians.
|2 fast
|0 (OCoLC)fst00554661
|
| 610 |
2 |
4 |
|a Cistercians.
|
| 610 |
2 |
0 |
|a Cistercians.
|
| 650 |
|
7 |
|a Lay brothers.
|2 fast
|0 (OCoLC)fst00994449
|
| 650 |
|
7 |
|a Brothers (Religious)
|2 fast
|0 (OCoLC)fst00839670
|
| 650 |
|
7 |
|a religious (people)
|2 aat
|
| 650 |
|
6 |
|a Religieux.
|
| 650 |
|
6 |
|a Freres convers.
|
| 650 |
|
0 |
|a Brothers (Religious)
|
| 650 |
|
0 |
|a Lay brothers.
|
| 655 |
|
7 |
|a Electronic books.
|2 local
|
| 710 |
2 |
|
|a Project Muse.
|e distributor
|
| 830 |
|
0 |
|a Book collections on Project MUSE.
|
| 856 |
4 |
0 |
|z Texto completo
|u https://projectmuse.uam.elogim.com/book/46701/
|
| 945 |
|
|
|a Project MUSE - Custom Collection
|
| 945 |
|
|
|a Project MUSE - Archive Complete Supplement V
|
| 945 |
|
|
|a Project MUSE - Archive Philosophy and Religion Supplement V
|